Top universities for your CV? - Statistics

General Stats
  • This quiz has been taken 37 times
  • The average score is 19 of 50
Answer Stats
Hint Ranking Answer % Correct
US 4. Harvard University
97%
US 14. Yale University
93%
UK 10. University of Oxford
90%
UK 7. University of Cambridge
83%
Australia 5. The University of Sydney
80%
US 1. Massachusetts Institute of Technology (MIT)
77%
US 15. Princeton University
77%
Australia 6. The University of Melbourne
77%
US 45. Brown University
73%
US 2. Stanford University
67%
Chile 38. Pontificia Universidad Católica de Chile (UC)
60%
Japan 19. The University of Tokyo
60%
Canada 12. University of Toronto
60%
UK 18. University College London (UCL)
57%
South Korea 23. Seoul National University
53%
US 11. New York University (NYU)
50%
US 21. Cornell University
47%
China 20. Peking University
47%
US 2. University of California, Los Angeles (UCLA)
47%
US 24. University of Pennsylvania
47%
US 17. Columbia University
43%
Switzerland 15. ETH Zürich - Swiss Federal Institute of Technology
40%
China SAR 13. The University of Hong Kong
40%
US 22. University of Chicago
40%
Italy 37. Politecnico di Milano
37%
China 44. Shanghai Jiao Tong University
33%
US 8. University of California, Berkeley (UCB)
33%
Lebanon 47. American University of Beirut (AUB)
30%
US 32. Northwestern University
27%
US 35. Duke University
23%
Australia 29. The University of New South Wales (UNSW Sydney)
23%
US 25. University of Michigan
23%
Singapore 33. National University of Singapore (NUS)
20%
UK 36. The University of Manchester
20%
Canada 39. University of British Columbia
20%
Netherlands 42. Delft University of Technology
17%
US 46. Georgia Institute of Technology
17%
Australia 50. The University of Queensland
17%
China 9. Tsinghua University
17%
UK 49. University of Bristol
17%
China 27. Fudan University
7%
Canada 25. University of Waterloo
7%
China 39. Zhejiang University
7%
US 41. Carnegie Mellon University
3%
UK 33. Imperial College London
3%
Germany 31. Karlsruhe Institute of Technology (KIT)
3%
US 42. Purdue University
3%
France 30. Ecole Polytechnique
0%
Japan 48. Keio University
0%
Japan 28. Waseda University
0%
No matching quizzes found
Score Distribution
Percent of People with Each Score
Percentile by Number Answered
Your Score History
You have not taken this quiz